000 00670cam a2200241 4500500
005 20260405002843.0
041 _afre
042 _adc
100 1 0 _aTenaillon, Nicolas
_eauthor
245 0 0 _aLeurs enfants après eux
260 _c2018.
500 _a27
690 _aAdolescence
690 _aAdulte
690 _aExpérience
690 _agrandir
690 _aJeunesse
690 _aNicolas Mathieu
690 _aPrix Goncourt
690 _aroman
786 0 _nPhilosophie magazine | 125 | 12 | 2018-12-01 | p. 47-47 | 1951-1787
856 4 1 _uhttps://shs.cairn.info/magazine-philosophie-magazine-2018-12-page-47?lang=fr&redirect-ssocas=7080
999 _c2061758
_d2061758